000 00276nam a22001217a 4500
008 170908b xxu||||| |||| 00| 0 eng d
041 _aeng
080 _a91
100 _a42
101 _aGJEO
245 _aVOLCANOES, EARTHQUAKES AND TSUNAMIS
_cROTHERY,D.A
942 _2udc
_cBK
999 _c26770
_d26770